000 00919nam a2200229Ia 4500
999 _c38317
_d38317
001 4327
003 GE_BSU
005 20191004114917.0
008 181216s1988||||ge |||||||||||||| ||geo||
040 _cGE_BSU
041 _ageo
080 _a008 + 130.2 + 165.742 მ–64
100 _aმთიბელაშვილი, თეიმურაზ
_94506
245 _aკულტურა და სოციალისტური ჰუმანიზმი /
_cთ. მთიბელაშვილი, რედ. ო. ჯიოევი.
264 _a თბ. :
_bმეცნიერება,
_c1988.
300 _a114 გვ. ;
_b21 სმ.
520 _a რეზ. რუს. ენ.
653 _aკულტურა;
653 _aსოციალისტური ჰუმანიზმი;
700 _aჯიოევი, ო.
_eრედაქტორი
_93593
942 _cBK
_2udc